| 000 | 00582cam a22002051 4500 | ||
|---|---|---|---|
| 008 | |||
| 049 | _aMAIN | ||
| 090 | _aQP514THO | ||
| 100 | 1 | _aThorpe, William Veale. | |
| 245 | 1 | 0 | _aBiochemistry for medical students. |
| 250 | _a7th ed. | ||
| 260 |
_aLondon, _bJ. & A. Churchill; _b[label: distributed by Little, Brown, Boston] _c1960. |
||
| 300 |
_a552 p. _billus. _c21 cm. |
||
| 650 | 0 | _aBiochemistry. | |
| 907 |
_a.b1021513x _b21-09-06 _c21-09-06 |
||
| 003 | |||
| 005 | 20230123134248.0 | ||
| 040 | _cNUST | ||
| 942 |
_cBOOKS _kQP514THO |
||
| 999 |
_c162855 _d162855 |
||